Foot: Les clubs Français en Coupes d'Europe 2022-2023 - Statistiques

Statistiques générales
  • Ce quiz a été pris 253 fois
    187 depuis la dernière actualisation
  • Le résultat moyen est 9 sur 24
Statistiques - réponses
Réponse % Correct
Bayer Leverkusen
92%
Bayern Munich
87%
Juventus Turin
81%
Benfica Lisbonne
77%
Tottenham Hotspur
73%
Sporting CP
63%
Maccabi Haifa
58%
Eintracht Francfort
57%
FC Bâle
41%
PSV Eindhoven
33%
Olympiakos
32%
Qarabag FK
31%
SC Fribourg
27%
Chakhtar Donetsk
24%
Dynamo Kiev
19%
Sheriff Tiraspol
19%
Fenerbahce SK
18%
AEK Larnaca
16%
Etoile Rouge Belgrade
16%
FC Cologne
14%
Trabzonspor
14%
Ferencvaros
13%
Partizan Belgrade
9%
FC Slovacko
7%
Aucun quiz correspondant
Distribution des résultats
% des personnes avec chaque résultat
Percentile par nombre de réponses
Votre historique - résultats
Vous n’avez pas pris ce quiz depuis la dernière actualisation